| 000 | 00420nam a2200157Ia 4500 | ||
|---|---|---|---|
| 008 | 230116s9999 xx 000 0 und d | ||
| 020 | _a9783775715508 | ||
| 041 | _aeng | ||
| 082 | _a720.95 | ||
| 100 |
_aCantz H. _9106467 |
||
| 245 | _aZentrum Paul Klee Bern The Architecture. | ||
| 260 |
_bHatje Cantz Verlag. _c2005 |
||
| 300 | _a160 | ||
| 906 | _b37.0 | ||
| 999 |
_c84056 _d84056 |
||